000 00246nam a2200109Ia 4500
008 190216s9999||||xx |||||||||||||| ||und||
100 _aPillai P K N
245 0 _aHistory Of India Since 1707
260 _bPadma
650 _aHistory
942 _cBK
999 _c19608
_d19608